[Event "Nova Gorica op-A 26th"]
[Site "Nova Gorica"]
[Date "2022.09.21"]
[Round "8"]
[White "Herega, Nejc"]
[Black "Tisaj, Domen"]
[Result "0-1"]
[WhiteElo "2146"]
[BlackElo "2325"]
[PlyCount "120"]
[EventDate "2022.09.16"]
[EventType "swiss"]
[EventRounds "9"]
[EventCountry "SLO"]
[SourceTitle "CBM 210 Extra"]
[Source "ChessBase"]
[SourceDate "2022.11.30"]
[SourceVersion "1"]
[SourceVersionDate "2022.11.30"]
[SourceQuality "1"]

1. d4 Nf6 2. Nf3 e6 3. Bf4 b6 4. e3 Bb7 5. Nbd2 c5 6. c3 Be7 7. h3 0-0 8. Bd3 d6 9. 0-0 cxd4 10. exd4 Nbd7 11. Qe2 a6 12. a4 Re8 13. Bh2 Qc7 14. Ng5 Qc6 15. f4 Bf8 16. Qf3 Qxf3 17. Ngxf3 h5 18. Rfe1 g6 19. Kf2 Bh6 20. Nc4 Bf8 21. Ne3 Ne4+ 22. Ke2 Rac8 23. g4 hxg4 24. hxg4 Bg7 25. Nc4 Bf8 26. Ne3 Ndf6 27. Nd2 Nxd2 28. Kxd2 Ne4+ 29. Bxe4 Bxe4 30. g5 Bf3 31. Rf1 Bh5 32. Nc2 d5 33. a5 b5 34. Rac1 Bg4 35. Bg1 Bd6 36. Nb4 Ra8 37. Be3 Bf5 38. Nd3 Bxd3 39. Kxd3 Kg7 40. b4 Rh8 41. Rh1 Rh5 42. Rxh5 gxh5 43. Rh1 Rh8 44. Rh4 Kg6 45. Ke2 Kf5 46. Kf3 Be7 47. Rh1 f6 48. Kg3 fxg5 49. fxg5 Kg6 50. Bf4 Rc8 51. Re1 Rxc3+ 52. Kh4 Rc6 53. Bd2 Bf8 54. Re2 Bg7 55. Be3 Rc4 56. Kh3 e5 57. dxe5 Re4 58. Re1 Bxe5 59. Bd2 Rxe1 60. Bxe1 Kxg5 0-1

[Event "Nova Gorica op-A 26th"]
[Site "Nova Gorica"]
[Date "2022.09.20"]
[Round "7"]
[White "Tisaj, Domen"]
[Black "Gschiel, Alexander"]
[Result "1/2-1/2"]
[WhiteElo "2325"]
[BlackElo "2196"]
[PlyCount "80"]
[EventDate "2022.09.16"]
[EventType "swiss"]
[EventRounds "9"]
[EventCountry "SLO"]
[SourceTitle "CBM 210 Extra"]
[Source "ChessBase"]
[SourceDate "2022.11.30"]
[SourceVersion "1"]
[SourceVersionDate "2022.11.30"]
[SourceQuality "1"]

1. Nf3 Nf6 2. e3 e6 3. c4 b6 4. b3 Bb7 5. Bb2 Be7 6. Nc3 0-0 7. Qc2 c5 8. Be2 Nc6 9. 0-0 d5 10. cxd5 Nb4 11. Qb1 Nbxd5 12. Ng5 Nxc3 13. Bxc3 h6 14. Bxf6 hxg5 15. Bc3 Bf6 16. Qb2 Bxc3 17. Qxc3 Qe7 18. f4 Rad8 19. f5 Qd7 20. fxe6 Qxd2 21. Qxd2 Rxd2 22. exf7+ Rxf7 23. Rfe1 g4 24. a3 Bf3 25. Bf1 Bd5 26. b4 c4 27. Re2 Rxe2 28. Bxe2 Rc7 29. Rc1 b5 30. Bxg4 Be4 31. Kf2 Kf7 32. Rc3 Kf6 33. Bf3 Ke5 34. Ke2 g5 35. h3 Rd7 36. Ke1 Bxf3 37. gxf3 Rh7 38. a4 a6 39. axb5 axb5 40. Ra3 Rxh3 1/2-1/2

[Event "Nova Gorica op-A 26th"]
[Site "Nova Gorica"]
[Date "2022.09.17"]
[Round "2"]
[White "Pavlovic, Milos"]
[Black "Tisaj, Domen"]
[Result "1/2-1/2"]
[WhiteElo "2468"]
[BlackElo "2325"]
[PlyCount "85"]
[EventDate "2022.09.16"]
[EventType "swiss"]
[EventRounds "9"]
[EventCountry "SLO"]
[SourceTitle "CBM 210 Extra"]
[Source "ChessBase"]
[SourceDate "2022.11.30"]
[SourceVersion "1"]
[SourceVersionDate "2022.11.30"]
[SourceQuality "1"]

1. d4 Nf6 2. Nf3 e6 3. g3 d5 4. Bg2 Be7 5. 0-0 0-0 6. c4 dxc4 7. Qc2 a6 8. a4 Bd7 9. Qxc4 Bc6 10. Bg5 Bd5 11. Qc2 Be4 12. Qd1 c5 13. dxc5 Bxc5 14. Nbd2 Bc6 15. Nb3 Bb4 16. Ne5 Bxg2 17. Qxd8 Rxd8 18. Kxg2 Nbd7 19. Nxd7 Rxd7 20. Rfd1 Rad8 21. Rxd7 Rxd7 22. Rc1 h6 23. Rc8+ Kh7 24. Bxf6 gxf6 25. Nc1 Kg7 26. Nd3 Bd6 27. f4 Bf8 28. Kf3 Rd5 29. Rb8 Rd7 30. g4 Bd6 31. Rc8 Kg6 32. h3 Kg7 33. Nf2 h5 34. Ne4 hxg4+ 35. hxg4 Be7 36. b3 Kg6 37. Ng3 f5 38. gxf5+ exf5 39. Rg8+ Kh7 40. Re8 Kg6 41. Rg8+ Kh7 42. Rc8 Kg6 43. Rg8+ 1/2-1/2

[Event "Titled Tuesday intern op 13th Sep Early"]
[Site "Chess.com INT"]
[Date "2022.09.13"]
[Round "3"]
[White "Tisaj, Domen"]
[Black "Gurel, Ediz"]
[Result "0-1"]
[WhiteElo "2325"]
[BlackElo "2437"]
[PlyCount "118"]
[EventDate "2022.09.13"]
[EventType "swiss (blitz)"]
[EventRounds "11"]
[EventCountry "USA"]
[SourceTitle "EXT 2023"]
[Source "ChessBase"]
[SourceDate "2022.10.05"]
[SourceVersion "1"]
[SourceVersionDate "2022.10.05"]
[SourceQuality "1"]

1. d4 Nf6 2. c4 e6 3. Nf3 b6 4. g3 Bb7 5. Bg2 Be7 6. 0-0 0-0 7. Nc3 Ne4 8. Qc2 Nxc3 9. Qxc3 c5 10. Rd1 Bf6 11. Be3 Nc6 12. Qd2 d6 13. b3 Qe7 14. Rac1 Rfd8 15. h4 h6 16. h5 Rac8 17. Qc2 d5 18. cxd5 Nxd4 19. Bxd4 cxd4 20. Qd2 Rxc1 21. Rxc1 Bxd5 22. Qd3 Qb7 23. Ne1 Bxg2 24. Nxg2 e5 25. f3 Bg5 26. Rc2 Rc8 27. Rxc8+ Qxc8 28. f4 exf4 29. gxf4 Bf6 30. Qe4 Qd7 31. Kf2 b5 32. Qa8+ Kh7 33. Qe4+ g6 34. hxg6+ fxg6 35. Kg3 h5 36. Kf2 h4 37. Ne1 Qg4 38. Qb7+ Kh6 39. Qf3 Qxf3+ 40. Kxf3 Kh5 41. Nd3 g5 42. fxg5 Kxg5 43. Nf4 Kf5 44. Nh3 Be7 45. Nf2 Bd6 46. Nh3 Bg3 47. Ng1 Ke5 48. Nh3 Kd5 49. a4 bxa4 50. bxa4 a5 51. Ng1 Be1 52. Nh3 Bd2 53. Kg4 Ke4 54. Kxh4 Ke3 55. Ng1 Kf2 56. Nf3 Be3 57. Ne5 Kxe2 58. Nc4 d3 59. Nxa5 d2 0-1